Szczegóły MARC21

Gospodarka a środowisko przyrodnicze /

003 -Nazwa inst., której nr kontr. jest w polu 001 [,]
    • @
    • Nazwa instytucji, której n kontrolny jest w polu 001
    • NUKAT
005 -DATA I CZAS OSTATNIEJ MODYFIKACJI [,]
    • @
    • pole kontrolne
    • 20241231094741.0
020 -Międzynarod. znormalizowany nr książki - ISBN [ , ]
    • a
    • Numer ISBN
    • 837241243X Find
040 -Instytucja sporządzająca opis [ , ]
    • a
    • Instytucja, która sporządziła opis (NP)
    • TOR U/EC
    • c
    • Instytucja, która sporządziła rekord (NP)
    • TOR U/EC
    • d
    • Instytucja, która zmodyfikowała rekord (P)
    • TOR U/AP
    • d
    • Instytucja, która zmodyfikowała rekord (P)
    • GD U/JDs
    • d
    • Instytucja, która zmodyfikowała rekord (P)
    • KR 7/EG
942 -Rodzaj dokumentu [ , ]
    • c
    • Rodzaj dokumentu
    • Książka
245 -Strefa tytułu i oznaczenia odpowiedzialności [0,0]
    • a
    • Tytuł
    • Gospodarka a środowisko przyrodnicze / Find
    • c
    • Pozostałe elementy strefy tytułu i oznaczenia odpowiedzialności (NP)
    • pod red. Tadeusza Madeja ; [aut. Irena Łucka et al.] ; Uniwersytet Szczeciński.
250 -Strefa wydania [ , ]
    • a
    • Oznaczenie wydania (NP)
    • Wyd. 2 zm.
260 -Strefa adresu wydawniczego [ , ]
    • a
    • Miejsce wydania (P)
    • Szczecin :
    • b
    • Nazwa wydawcy (P)
    • Wydawnictwa Naukowe US,
    • c
    • Data wydania (P)
    • 2002.
300 -Strefa opisu fizycznego [ , ]
    • a
    • Określenie formy książki i/lub objętość (NP)
    • 255 s. :
    • b
    • Oznaczenie ilustracji (NP)
    • wykr. ;
    • c
    • Format (NP)
    • 24 cm.
336 -Typ zawartości [ , ]
    • a
    • Termin opisujący typ zawartości
    • Tekst
    • b
    • Kod określający zawartość
    • txt
    • 2
    • Źródło (terminu i kodu)
    • rdacontent
337 -Typ mediów [ , ]
    • a
    • Tryb odtwarzania
    • Bez urządzenia pośredniczącego
    • b
    • Kod typu mediów
    • n
    • 2
    • Źródło (terminu i kodu)
    • rdamedia
338 -Typ/rodzaj nośnika [ , ]
    • a
    • Hasło opisujące typ nośnika
    • Wolumin
    • b
    • Kod typu nośnika
    • nc
    • 2
    • Źródło (terminu i kodu)
    • rdacarrier
500 -Uwaga ogólna [ , ]
    • a
    • Uwaga ogólna (NP)
    • Wykaz ważniejszych aktów prawnych z dziedziny ochrony środowiska w Polsce (od 1991 r.) s. 75-77.
504 -Uwaga dot. bibliogr. załącznikowej [ , ]
    • a
    • Uwaga dot. bibliografii załącznikowej
    • Bibliogr. s. 253-255.
080 -Uniwersalna Klasyfikacja Dziesiętna [ , ]
    • a
    • Symbol klasyfikacji
    • 504.03
080 -Uniwersalna Klasyfikacja Dziesiętna [ , ]
    • a
    • Symbol klasyfikacji
    • :628.5
080 -Uniwersalna Klasyfikacja Dziesiętna [ , ]
    • a
    • Symbol klasyfikacji
    • :330.322
080 -Uniwersalna Klasyfikacja Dziesiętna [ , ]
    • a
    • Symbol klasyfikacji
    • :657.47
650 -Hasło przedmiotowe [ ,7]
    • a
    • Hasło przedmiotowe
    • Ekonomia środowiska.
    • 2
    • Źródło terminu
    • kaba
    • 9
    • KHW
    • 107461
650 -Hasło przedmiotowe [ ,7]
    • a
    • Hasło przedmiotowe
    • Rozwój gospodarczy
    • x
    • Określnik rzeczowy
    • aspekt środowiskowy.
    • 2
    • Źródło terminu
    • kaba
    • 9
    • KHW
    • 128380
650 -Hasło przedmiotowe [ ,7]
    • a
    • Hasło przedmiotowe
    • Zarządzanie środowiskiem.
    • 2
    • Źródło terminu
    • kaba
    • 9
    • KHW
    • 137528
980 -Symbol UKD [ , ]
    • a
    • UKD
    • 504.03:628.5:330.322:657.47
700 -Hasło dodatkowe - nazwa osobowa [1, ]
    • a
    • Nazwa osobowa (NP)
    • Łucka, Irena. Find
    • 9
    • KHW
    • 24481
700 -Hasło dodatkowe - nazwa osobowa [1, ]
    • a
    • Nazwa osobowa (NP)
    • Madej, Tadeusz Find
    • d
    • Daty biograficzne (NP)
    • (1928-2012).
    • e
    • Określenie rodzaju współpracy
    • Red.
    • 9
    • KHW
    • 15339
710 -Hasło dodatkowe - nazwa ciała zbiorowego [2, ]
    • a
    • Nazwa ciała zbiorowego lub nazwa geograficzna jako pierwszy element (NP)
    • Uniwersytet Szczeciński.
    • b
    • Nazwa jednostki podrzędnej (P)
    • Wydawnictwo Naukowe.
    • 4
    • Kod relacji
    • pbl
    • 9
    • KHW
    • 51208
920 -ISBN [ , ]
    • a
    • ISBN
    • 83-7241-243-X Find
Lokalizacja Data inwentaryzacji Status udost. Numer inwentarzowy Sygnatura
BE2003-01-08-2E.68501 
BE2006-01-03-2S.92179 
BE2003-01-08-2S.90168 
BE2003-01-08-2S.90169 
BE2003-01-08-2S.90182 
BE2003-01-08-2S.90170 
BE2003-01-08-2S.90171 
BE2003-01-08-2S.90172 
BE2003-01-08-2S.90173 
BE2003-01-08-2S.90174 
BE2003-01-08-2S.90175 
BE2003-01-08-2S.90176 
BE2003-01-08-2S.90177 
BE2003-01-08-2S.90178 
BE2003-01-08-2S.90179 
BE2003-01-08-2S.90180 
BE2003-01-08-2S.90181 
BG2003-01-081Z.99637Z.99637
BG2003-01-082Bl.10119 
BG2003-01-08-3WM.531WM.531
BG2003-01-08-3WM.532WM.531
BG2003-01-08-3WM.533WM.531
BG2003-01-082WM.534WM.531
BG2003-01-082WM.535WM.531
T2003-01-08-3TM.479 
T2003-01-08-3TM.480 
T2003-01-08-3TM.481 
T2003-01-08-3TM.482 
T2003-01-22-2T.7212T.7212
T2003-01-22-3TM.550 
T2003-02-21-3TM.601 
T2003-11-24-3TM.1830 
T2003-11-24-3TM.1831 
T2003-11-24-3TM.1832 
T2003-11-24-3TM.1833 
T2004-01-29-3TM.2076 
T2004-01-29-3TM.2077 
T2004-01-29-3TM.2078